000 00859nam a2200301Ia 4500
008 171120s9999 xx 000 0 und d
020 _a9.7897127193e+012
050 _a658
050 _bB658 2007
245 _aBlue way :
245 _bCase studies on leadership, strategy, and ethics /
245 _cedited by Joseph I. B. Gonzales and Jonathan Chua.
260 _aPhilippines :
260 _bAnvil,
260 _c2007
300 _a358 pages :
300 _billustrations ;
300 _c22cm.
500 _aIncludes index.
650 _aBusiness enterprises --
650 _aBusiness ethics --
650 _aStrategic planning --
650 _xPhilippines -- Case studies.
650 _xPhilippines -- Case studies.
650 _xPhilippines -- Case studies.
700 _aChua, Jonathan.
700 _aGonzales, Joseph I. B.
999 _c345372
_d345372